| 000 | 00651nam a2200241Ia 4500 | ||
|---|---|---|---|
| 003 | OSt | ||
| 005 | 20220926012114.0 | ||
| 006 | a|||||r|||| 00| 0 | ||
| 007 | ta | ||
| 008 | 220923b |||||||| |||| 00| 0 eng d | ||
| 037 | _cGeneral Book | ||
| 040 |
_aRTL _cRTL _beng |
||
| 041 |
_2eng _aeng |
||
| 082 | _aX, M1 | ||
| 100 |
_aBell Daniel _945023 |
||
| 245 | 0 | _aCrisis in economic theory | |
| 260 |
_aNew York _bBasic Books _c1981 |
||
| 300 |
_axiii,226p _ccm. |
||
| 650 | _aEconomic Theory | ||
| 700 |
_a Kristol Irving Ed. _9116122 |
||
| 942 |
_hX, M1 _cGB _2CC |
||
| 999 |
_c621710 _d621710 |
||